[Event "Blitz for All"]
[Site "SchemingMind.com"]
[Date "2007.11.22"]
[Round "-"]
[White "jtrochez1"]
[Black "mq1982"]
[Result "0-1"]
[WhiteCountry "HON"]
[BlackCountry "GBR"]
[WhiteElo "1511"]
[WhiteRD "50"]
[BlackElo "1925"]
[BlackRD "95"]
[GameID "130023"]

1. e4 e5 2. Nf3 Nc6 3. d4 exd4 4. Nxd4 Nf6 5. Nc3 Bb4 6. Bd2 Nxd4 7. Bd3 O-O 8. O-O d6 9. Nd5 Bxd2 10. Qxd2 Nc6
11. Nxf6+ Qxf6 12. c3 Ne5 13. Be2 Be6 14. f3 Bc4 15. b3 Bxe2 16. Qxe2 Rfe8 17. Rac1 Re7 18. c4 Rae8 19. Rcd1 b6 20. Kh1 Ng6
21. g3 a5 22. a4 Re6 23. Rd3 Ne5 24. Re3 c6 25. f4 Nd7 26. f5 R6e7 27. Qc2 Nc5 28. Rfe1 d5 29. cxd5 cxd5 30. e5 Rxe5
31. Rxe5 Rxe5 32. Rxe5 Qxe5 33. Kg1 Qe3+ 34. Kf1 Qxb3 35. Qxb3 Nxb3 36. Ke1 Nc5 37. Kd2 Nxa4 38. Kd3 Nc5+ 39. Kc3 b5
0-1

[Event "Blitz for All"]
[Site "SchemingMind.com"]
[Date "2007.11.21"]
[Round "-"]
[White "jdcald13"]
[Black "mq1982"]
[Result "0-1"]
[WhiteCountry "USA"]
[BlackCountry "GBR"]
[WhiteElo "1931"]
[WhiteRD "46"]
[BlackElo "2031"]
[BlackRD "112"]
[GameID "130024"]

1. d4 Nf6 2. Nf3 d5 3. c4 e6 4. Nc3 c6 5. e3 Nbd7 6. Bd3 Bd6 7. c5 Bc7 8. O-O e5 9. e4 exd4 10. Nxd4 Nxc5
11. exd5 Nxd3 12. Qxd3 O-O 13. dxc6 bxc6 14. Rd1 Re8 15. Be3 Ng4 16. Nxc6 Qf6 17. Nd4 Bxh2+ 18. Kh1 Bf4 19. Qb5 Qh4+ 20. Kg1 Rxe3
21. Nf3 Bh2+
0-1

[Event "Blitz for All"]
[Site "SchemingMind.com"]
[Date "2007.11.21"]
[Round "-"]
[White "agarr"]
[Black "mq1982"]
[Result "0-1"]
[WhiteCountry "RUS"]
[BlackCountry "GBR"]
[WhiteElo "1696"]
[WhiteRD "71"]
[BlackElo "2031"]
[BlackRD "112"]
[GameID "130025"]

1. e4 e5 2. Nf3 Nc6 3. Bc4 Bc5 4. c3 Nf6 5. d4 exd4 6. e5 d5 7. exd6 Qxd6 8. O-O O-O 9. b4 Bb6 10. Ba3 dxc3
11. Nxc3 Qxd1 12. Raxd1 Bg4 13. b5 Bxf3 14. gxf3 Ne5 15. Bxf8 Kxf8 16. Be2 g5 17. Ne4 Nxe4 18. fxe4 Re8 19. Kg2 Ng6 20. Bf3 c5
21. bxc6 Nh4+ 22. Kg3 Bc7+ 23. Kg4 h5+ 24. Kh3 Nxf3 25. Rd7 g4+ 26. Kg2 Bxh2 27. Rxb7 Rc8 28. Rc1 Bf4 29. c7 Ke8 30. Rc5 Kd7
31. Rxa7 h4 32. Rf5 h3+ 33. Kh1 Bxc7 34. Rxf7+ Kc6 35. Rg7 Be5 36. Rg6+ Kb5 37. Rb7+ Kc4 38. Rxg4 Rd8 39. Rb1 Rd2 40. Rg8 Rxf2
0-1

[Event "Blitz for All"]
[Site "SchemingMind.com"]
[Date "2007.11.22"]
[Round "-"]
[White "markjburden"]
[Black "mq1982"]
[Result "0-1"]
[WhiteCountry "GBR"]
[BlackCountry "GBR"]
[WhiteElo "1749"]
[WhiteRD "67"]
[BlackElo "2031"]
[BlackRD "112"]
[GameID "130026"]

1. Nf3 d5 2. d3 Nc6 3. Nbd2 e5 4. e4 Nf6 5. g3 dxe4 6. dxe4 Bg4 7. Bg2 Qe7 8. O-O O-O-O 9. Qe2 Nd4 10. Qe3 Nxc2
11. Qxa7 Nxa1 12. Qa8+ Kd7 13. Qxb7 Ke8 14. Qc6+ Bd7 15. Qxc7 Rc8 16. Qb7 Qb4 17. Qa6 Qb5 18. Qxb5 Bxb5 19. Re1 Nc2 20. Rd1 Be2
21. Rf1 Bxf1 22. Bxf1 Nd4 23. Nxd4 Rxc1 24. N4b3 Rc2 25. a4 Rxb2 26. a5 Bb4
0-1

[Event "Blitz for All"]
[Site "SchemingMind.com"]
[Date "2007.11.21"]
[Round "-"]
[White "punmanbowler"]
[Black "mq1982"]
[Result "0-1"]
[WhiteCountry "USA"]
[BlackCountry "GBR"]
[WhiteElo "1408"]
[WhiteRD "73"]
[BlackElo "2031"]
[BlackRD "112"]
[GameID "130027"]

1. e4 e5 2. Nf3 Nc6 3. Nc3 Bc5 4. d3 Nf6 5. Bg5 d6 6. Nd5 h6 7. Nxf6+ gxf6 8. Bh4 Be6 9. c3 Qe7 10. d4 exd4
11. cxd4 Bb4+ 12. Nd2 Nxd4 13. a3 Bc5 14. b4 Bb6 15. Bd3 Rg8 16. Rc1 Rxg2 17. Bf1 Bg4 18. f3 Nxf3+ 19. Nxf3 Qxe4+ 20. Be2 Bxf3
21. Rc2 Qxh4+ 22. Kd2 Bxe2 23. Re1 Qg5+ 24. Kc3 Qe5+ 25. Kb3 Bxd1
0-1

[Event "Blitz for All"]
[Site "SchemingMind.com"]
[Date "2007.11.21"]
[Round "-"]
[White "Blitzer"]
[Black "mq1982"]
[Result "1-0"]
[WhiteCountry "CAN"]
[BlackCountry "GBR"]
[WhiteElo "2113"]
[WhiteRD "100"]
[BlackElo "1925"]
[BlackRD "95"]
[GameID "130028"]

1. e4 e5 2. Nf3 Nc6 3. d4 exd4 4. Nxd4 Nf6 5. Nxc6 bxc6 6. e5 Qe7 7. Qe2 Nd5 8. c4 Nb6 9. Nc3 Qe6 10. Qe4 d5
11. exd6 Qxe4+ 12. Nxe4 cxd6 13. Be3 d5 14. cxd5 Nxd5 15. Bd4 Bb4+ 16. Ke2 O-O 17. Kf3 Rd8 18. a3 Be7 19. Rc1 a5 20. Bc4 Bf5
21. Rhe1 h5 22. h3 h4 23. Rcd1 Rab8 24. Nc3 Be6 25. Be5 Rb7 26. Ba2 Kf8 27. Rd2 Bg5 28. Rde2 Nxc3 29. bxc3 Bxa2 30. Rxa2 Be7
31. Re4 f6 32. Bd4 Rb3 33. Rxh4 Kf7 34. Ke2 Bxa3 35. Kd3 Ke6 36. Re4+ Kf5 37. Rg4 g5 38. Rg3 Kg6 39. Kc4 a4 40. Rf3 f5
41. Re3 Kh5 42. Re6 Rd6 43. Rxd6 Bxd6 44. Rxa4 Ra3 45. Rxa3 Bxa3 46. Bc5 Bc1 47. Bd6
1-0

[Event "Blitz for All"]
[Site "SchemingMind.com"]
[Date "2007.11.22"]
[Round "-"]
[White "mmccaffe"]
[Black "mq1982"]
[Result "0-1"]
[WhiteCountry "USA"]
[BlackCountry "GBR"]
[WhiteElo "1494"]
[WhiteRD "66"]
[BlackElo "2031"]
[BlackRD "112"]
[GameID "130029"]

1. e4 e5 2. f4 exf4 3. Nf3 Nc6 4. Bc4 h6 5. d4 g5 6. O-O d6 7. Nc3 Bg7 8. e5 dxe5 9. Re1 Nge7 10. d5 Na5
11. Bb5+ c6 12. dxc6 Naxc6 13. Qe2 O-O 14. g3 fxg3 15. Bxg5 hxg5 16. Nxg5 Qb6+ 17. Kg2 Nd4 18. Qh5 Bf5 19. Bd3 Nxc2 20. Bxc2 Qf2+
0-1

[Event "Blitz for All"]
[Site "SchemingMind.com"]
[Date "2007.11.22"]
[Round "-"]
[White "Vovaspilberg"]
[Black "mq1982"]
[Result "0-1"]
[WhiteCountry "RUS"]
[BlackCountry "GBR"]
[WhiteElo "1788"]
[WhiteRD "81"]
[BlackElo "1925"]
[BlackRD "95"]
[GameID "130030"]

1. e4 e5 2. Nf3 Nc6 3. Bb5 a6 4. Ba4 Nf6 5. O-O Be7 6. Re1 O-O 7. Bxc6 dxc6 8. Nxe5 Re8 9. Nf3 Bg4 10. d3 Nd7
11. Nbd2 Bb4 12. a3 Bc5 13. h3 Bh5 14. c3 Qf6 15. d4 Ba7 16. e5 Qe7 17. Ne4 h6 18. Ng3 Bg6 19. a4 c5 20. d5 c4
21. Be3 Nc5 22. Bxc5 Qxc5 23. Qd4 Rad8 24. Qxc5 Bxc5 25. Rad1 Bc2 26. Rd2 Bxa4 27. Re4 b5 28. Nf5 Bf8 29. Ne3 f6 30. e6 g6
31. Rg4 Kh7 32. Nd4 f5
0-1

[Event "Blitz for All"]
[Site "SchemingMind.com"]
[Date "2007.11.21"]
[Round "-"]
[White "kloosterveen"]
[Black "jtrochez1"]
[Result "0-1"]
[WhiteCountry "NED"]
[BlackCountry "HON"]
[WhiteElo "1390"]
[WhiteRD "124"]
[BlackElo "1518"]
[BlackRD "48"]
[GameID "130072"]

1. d4 d5 2. e3 Nf6 3. c4 e6 4. Nf3 Bd6 5. c5 Be7 6. g3 c6 7. Bg2 O-O 8. O-O Nbd7 9. Ne5 Nxe5 10. dxe5 Ne4
11. b4 Qc7 12. f4 Rd8 13. Qd3 b6 14. cxb6 Qxb6 15. Bxe4 dxe4 16. Qxe4 Bb7 17. Bd2 c5 18. bxc5 Bxc5 19. Qc2 Qc6 20. Kf2 Qg2+
21. Ke1 Bxe3 22. Qc1 Rac8 23. Bxe3 Rxc1+ 24. Bxc1 Bf3 25. Nc3 Rd1+
0-1

[Event "Blitz for All"]
[Site "SchemingMind.com"]
[Date "2007.11.21"]
[Round "-"]
[White "kloosterveen"]
[Black "jdcald13"]
[Result "0-1"]
[WhiteCountry "NED"]
[BlackCountry "USA"]
[WhiteElo "1539"]
[WhiteRD "102"]
[BlackElo "1948"]
[BlackRD "47"]
[GameID "130073"]

1. d4 c5 2. d5 e6 3. dxe6 fxe6 4. Nf3 Nf6 5. g3 d5 6. e3 Be7 7. Bg2 O-O 8. O-O Nc6 9. Qe2 e5 10. Nc3 e4
11. Ne1 Bg4 12. Qb5 Qb6 13. a4 Rad8 14. Qxb6 axb6 15. f3 exf3 16. Bxf3 Ne5 17. Bxg4 Nfxg4 18. h3 Nf6 19. Nd3 Bd6 20. Kg2 Ne4
21. Rxf8+ Rxf8 22. Nxd5 Nxd3 23. cxd3 Nxg3 24. Nxb6 Rf1 25. Nc4 Bc7 26. Nd2 Rd1 27. Kf3 Kf7 28. Ne4 Nxe4 29. Kxe4 Ba5 30. b3 Bc3
31. Rb1 Ke6 32. d4 cxd4 33. exd4 Bxd4 34. Kf3 Re1 35. b4 Be3 36. Bxe3 Rxb1 37. Bc5 Kf5
0-1

[Event "Blitz for All"]
[Site "SchemingMind.com"]
[Date "2007.11.21"]
[Round "-"]
[White "kloosterveen"]
[Black "agarr"]
[Result "0-1"]
[WhiteCountry "NED"]
[BlackCountry "RUS"]
[WhiteElo "1390"]
[WhiteRD "124"]
[BlackElo "1696"]
[BlackRD "71"]
[GameID "130074"]

1. d4 d5 2. e3 Nf6 3. c4 e6 4. Nf3 Bb4+ 5. Bd2 Bxd2+ 6. Nbxd2 O-O 7. g3 b6 8. Ne5 Bb7 9. Bg2 Qd6 10. cxd5 Bxd5
11. O-O Bxg2 12. Kxg2 Nc6 13. f4 Nd5 14. Ndc4 Qb4 15. b3 Nxe5 16. fxe5 b5 17. a3 Qe7 18. e4 Nc3 19. Qf3 bxc4 20. Qxc3 cxb3
21. Qxb3 c5 22. dxc5 Qxc5 23. Qb2 Rab8 24. Qf2= Qxe5 25. Rfe1 Rb2
0-1

[Event "Blitz for All"]
[Site "SchemingMind.com"]
[Date "2007.11.21"]
[Round "-"]
[White "kloosterveen"]
[Black "markjburden"]
[Result "1/2-1/2"]
[WhiteCountry "NED"]
[BlackCountry "GBR"]
[WhiteElo "1390"]
[WhiteRD "124"]
[BlackElo "1749"]
[BlackRD "67"]
[GameID "130075"]

1. d4 g6 2. Nf3 Bg7 3. g3 Nf6 4. Bg2 O-O 5. O-O d6 6. Nc3 Re8 7. Bf4 Nbd7 8. Qd3 c6 9. e4 Nh5 10. Bg5 h6
11. Bd2 e6 12. g4 Nhf6 13. e5 dxe5 14. g5 e4 15. Nxe4 Nxe4 16. Qxe4 hxg5 17. Bxg5 Qc7 18. Rfe1 Nb6 19. Bf4 Qd8 20. c3 Nd5
21. Ne5 Qh4 22. Bg3 Qxe4 23. Bxe4 f6 24. Bxg6 Re7 25. Nd3 b6 26. c4 Nc7 27. Nb4 Bh6 28. Nxc6 Rg7 29. Be4 f5 30. Ne7+ Rxe7
31. Bxa8 Nxa8 32. a4 Rg7 33. Kf1 f4 34. Bh4 Kf7 35. b3 Rg4 36. Bd8 Rg8 37. Bh4 Rg4= 38. Bd8 Rg8= 39. Bh4 Rg4=
1/2-1/2

[Event "Blitz for All"]
[Site "SchemingMind.com"]
[Date "2007.11.21"]
[Round "-"]
[White "kloosterveen"]
[Black "punmanbowler"]
[Result "1-0"]
[WhiteCountry "NED"]
[BlackCountry "USA"]
[WhiteElo "1539"]
[WhiteRD "102"]
[BlackElo "1382"]
[BlackRD "74"]
[GameID "130076"]

1. d4 Nf6 2. e3 d5 3. c4 Bg4 4. Qb3 b6 5. Nc3 Nc6 6. Nxd5 Na5 7. Qb5+ Bd7 8. Nxf6+ exf6 9. Qd5 c6 10. Qe4+ Be7
11. b4 f5 12. Qb1 O-O 13. bxa5 bxa5 14. c5 Rb8 15. Qd3 Be6 16. Nf3 Qd5 17. Be2 Rfd8 18. O-O Bf6 19. Qa3 Rd7 20. Qxa5 Bd8
21. Qa6 Re7 22. Ne5 Bc8 23. Qxc6 Bb7 24. Qxd5 Bxd5 25. Bc4 Be6 26. Bxe6 Rxe6 27. f4 f6 28. Nf3 Ba5 29. d5 Ree8 30. d6 Re6
31. Nd4 Bc3 32. Nxe6 Bxa1 33. d7 Kf7 34. d8=Q Rb7 35. Qc8 Re7 36. Nd8+ Kg6 37. Ba3 Re8 38. Qd7 Rxe3 39. Qf7+ Kh6 40. Ne6 Rxa3
41. Qxg7+ Kh5 42. Qxh7+ Kg4 43. h3+ Kg3 44. Rf3+ Rxf3 45. gxf3 Kxf3 46. c6
1-0

[Event "Blitz for All"]
[Site "SchemingMind.com"]
[Date "2007.11.21"]
[Round "-"]
[White "kloosterveen"]
[Black "mq1982"]
[Result "0-1"]
[WhiteCountry "NED"]
[BlackCountry "GBR"]
[WhiteElo "1539"]
[WhiteRD "102"]
[BlackElo "1925"]
[BlackRD "95"]
[GameID "130077"]

1. d4 Nf6 2. e3 d5 3. c4 e6 4. Nf3 Be7 5. Nc3 Nc6 6. cxd5 exd5 7. g3 O-O 8. Bg2 Bg4 9. O-O Qd7 10. Qb3 Na5
11. Qb5 Qxb5 12. Nxb5 c6 13. Nc3 Nc4 14. Ne5 Nxe5 15. dxe5 Nd7 16. f4 f6 17. e6 Bxe6 18. f5 Bf7 19. Bd2 Ne5 20. b3 Bc5
21. Na4 Ba3 22. Bc3 b5 23. Bb2 Bxb2 24. Nxb2 Rfe8 25. a4 bxa4 26. bxa4 Ng4 27. Nd3 Nxe3 28. Rf2 Rab8 29. Rc1 Rb3 30. Nc5 Rb4
31. a5 Reb8 32. a6 Rb1 33. Rxb1 Rxb1+ 34. Bf1 d4 35. Ne6 Bxe6 36. fxe6 Rxf1+ 37. Rxf1 Nxf1 38. Kxf1 c5 39. Ke2 Kf8
0-1

[Event "Blitz for All"]
[Site "SchemingMind.com"]
[Date "2007.11.21"]
[Round "-"]
[White "kloosterveen"]
[Black "Blitzer"]
[Result "0-1"]
[WhiteCountry "NED"]
[BlackCountry "CAN"]
[WhiteElo "1390"]
[WhiteRD "124"]
[BlackElo "2068"]
[BlackRD "102"]
[GameID "130078"]

1. d4 Nf6 2. e3 c5 3. Nf3 e6 4. c4 d5 5. cxd5 exd5 6. g3 Nc6 7. a3 Bg4 8. Bg2 cxd4 9. exd4 Be7 10. O-O Qd7
11. Nc3 O-O 12. Re1 Rad8 13. Qa4 Ne4 14. Nxe4 dxe4 15. Rxe4 Bxf3 16. Bxf3 Nxd4 17. Qxd7 Nxf3+ 18. Kg2 Rxd7 19. Kxf3 f5 20. Re2 g5
21. Bd2 Rd3+ 22. Kg2 Bf6 23. Rb1 Rf7 24. Bb4 Rc7 25. Kf1= Kf7 26. Kg2 b6 27. Rd2 Rb3 28. Rd5 a5 29. Bd2 Ke6 30. Bxg5 Bxg5
31. Rdd1 Rc2
0-1

[Event "Blitz for All"]
[Site "SchemingMind.com"]
[Date "2007.11.21"]
[Round "-"]
[White "kloosterveen"]
[Black "mmccaffe"]
[Result "0-1"]
[WhiteCountry "NED"]
[BlackCountry "USA"]
[WhiteElo "1390"]
[WhiteRD "124"]
[BlackElo "1494"]
[BlackRD "66"]
[GameID "130079"]

1. d4 Nf6 2. e3 g6 3. Nf3 Bg7 4. g3 O-O 5. Bg2 d6 6. O-O Nbd7 7. Nc3 c6 8. Ne2 e5 9. dxe5 Nxe5 10. Nxe5 dxe5
11. e4 Be6 12. Be3 Qxd1 13. Rfxd1 Rfd8 14. Nc3 b6 15. f4 Ng4 16. Bd2 exf4 17. Bxf4 Bd4+ 18. Kf1 Nxh2+ 19. Ke1 Bg4 20. Rd3 Bxc3+
21. Rxc3 Rac8 22. e5 c5 23. Bb7 Rc7 24. Bg2 Be6 25. b3 Rcd7 26. Bg5 Rc8 27. Rd1 Rxd1+ 28. Kxd1 Ng4 29. Bf6 Nxf6 30. exf6 Rd8+
31. Rd3 Rxd3+ 32. cxd3 Bd7 33. Bd5 Be6 34. Bc4 Bxc4 35. dxc4 h5 36. Ke2 g5 37. Kf3 Kh7 38. Ke4 Kg6 39. Ke5 h4 40. gxh4 gxh4
41. Kf4 h3 42. Kg3 Kxf6 43. Kxh3 Kg5 44. Kg3 f5 45. Kf3 f4
0-1

[Event "Blitz for All"]
[Site "SchemingMind.com"]
[Date "2007.11.22"]
[Round "-"]
[White "kloosterveen"]
[Black "Vovaspilberg"]
[Result "1-0"]
[WhiteCountry "NED"]
[BlackCountry "RUS"]
[WhiteElo "1539"]
[WhiteRD "102"]
[BlackElo "1788"]
[BlackRD "81"]
[GameID "130080"]

1. d4 Nf6 2. e3 e6 3. Nf3 d5 4. c4 dxc4 5. Bxc4 a6 6. O-O c5 7. Nc3 b5 8. Bb3 Bb7 9. dxc5 Qxd1 10. Rxd1 Bxc5
11. h3 O-O 12. a4 b4 13. Ne2 a5 14. Ne5 Nc6 15. Nd7 Nxd7 16. Rxd7 Ba6 17. Nf4 Ne5 18. Rc7 Bb6 19. Rc2 Rfd8 20. e4 Rd1+
21. Kh2 Rad8 22. f3 h6 23. h4 Rf1 24. Kg3 Rdd1 25. Nxe6 fxe6 26. Bxe6+ Kh7 27. f4 Rd3+ 28. Kh2 Bg1+ 29. Kh1 Bf2+ 30. Kh2
1-0

[Event "Blitz for All"]
[Site "SchemingMind.com"]
[Date "2007.11.21"]
[Round "-"]
[White "jtrochez1"]
[Black "kloosterveen"]
[Result "1-0"]
[WhiteCountry "HON"]
[BlackCountry "NED"]
[WhiteElo "1511"]
[WhiteRD "50"]
[BlackElo "1539"]
[BlackRD "102"]
[GameID "130081"]

1. e4 c5 2. Nf3 d6 3. Bc4 Nf6 4. d3 g6 5. c3 Bg7 6. O-O O-O 7. h3 d5 8. exd5 Nxd5 9. Bxd5 Qxd5 10. c4 Qd6
11. Nc3 Nc6 12. Ne4 Qc7 13. Rb1 b6 14. b3 f5 15. Ned2 Nb4 16. Bb2 Bxb2 17. Rxb2 Nxd3 18. Rc2 Bb7 19. Qe2 Qd6 20. Ne1 Nf4
21. Qd1 Qc6 22. Ndf3 Rad8 23. Qb1 Qe6 24. Kh2 Be4 25. Ng5 Bxc2 26. Qxc2 Qe5 27. g3 Ne6 28. f4 Qe3 29. Nxe6 Qxe6 30. Nf3 Qe4
31. Qg2 Rd6 32. Ne5 Qxg2+ 33. Kxg2 Rd2+ 34. Rf2 Rfd8 35. a4 Rxf2+ 36. Kxf2 Rd6 37. Ke2 Kg7 38. g4 fxg4 39. hxg4 Kf6 40. Nd3 Rd4
41. Ke3 g5 42. fxg5+ Kxg5 43. Nf2
1-0

[Event "Blitz for All"]
[Site "SchemingMind.com"]
[Date "2007.11.21"]
[Round "-"]
[White "jdcald13"]
[Black "kloosterveen"]
[Result "1-0"]
[WhiteCountry "USA"]
[BlackCountry "NED"]
[WhiteElo "1948"]
[WhiteRD "47"]
[BlackElo "1539"]
[BlackRD "102"]
[GameID "130082"]

1. d4 d5 2. c4 c6 3. Nc3 Nf6 4. e3 g6 5. Nf3 Bg7 6. Bd3 O-O 7. O-O Bg4 8. h3 dxc4 9. hxg4 cxd3 10. g5 d2
11. gxf6 dxc1=Q 12. Rxc1 Bxf6 13. Qb3 Qb6 14. Qxb6 axb6 15. a4 Nd7 16. Nd2 e6 17. Nde4 Be7 18. f4 Kg7 19. g4 f5 20. Nf2 fxg4
21. Nxg4 h5 22. Nf2 h4 23. Nfe4 Rh8 24. Rf3 Bb4 25. Kg2 Nf8 26. Rh1 Nd7 27. Rfh3 Be7 28. Kf3 c5 29. Ng5 Bxg5 30. fxg5 Raf8+
31. Kg4 Rf2 32. R3h2 cxd4 33. Rxf2 dxc3 34. bxc3 Ne5+ 35. Kh3 Nd3 36. Rf6 Rc8 37. Rhf1
1-0

[Event "Blitz for All"]
[Site "SchemingMind.com"]
[Date "2007.11.21"]
[Round "-"]
[White "agarr"]
[Black "kloosterveen"]
[Result "1/2-1/2"]
[WhiteCountry "RUS"]
[BlackCountry "NED"]
[WhiteElo "1696"]
[WhiteRD "71"]
[BlackElo "1390"]
[BlackRD "124"]
[GameID "130083"]

1. e4 c5 2. Nf3 d6 3. Bb5+ Bd7 4. Bxd7+ Nxd7 5. O-O g6 6. c3 Bg7 7. d4 cxd4 8. cxd4 e6 9. Nc3 Nb6 10. Re1 Ne7
11. Be3 O-O 12. Bf4 Qd7 13. e5 Ned5 14. Bg3 Nxc3 15. bxc3 d5 16. Bh4 Nc4 17. Qc1 f5 18. exf6 Bxf6 19. Qh6 Bg7 20. Qg5 Bf6
21. Qg3 Bxh4 22. Nxh4 Nd6 23. Re2 Ne4 24. Qe5 Rac8 25. g3 Rxc3 26. Ng2 Qc8 27. Nf4 Rc1+ 28. Rxc1 Qxc1+ 29. Kg2 Re8 30. Nxe6 Kf7
31. Qf4+ Qxf4 32. Nxf4 Nf6 33. Rc2 Re7 34. Nd3 Ne4 35. f3 Nf6 36. Ne5+ Ke6=
1/2-1/2

[Event "Blitz for All"]
[Site "SchemingMind.com"]
[Date "2007.11.21"]
[Round "-"]
[White "markjburden"]
[Black "kloosterveen"]
[Result "1-0"]
[WhiteCountry "GBR"]
[BlackCountry "NED"]
[WhiteElo "1749"]
[WhiteRD "67"]
[BlackElo "1390"]
[BlackRD "124"]
[GameID "130084"]

1. Nf3 d5 2. d3 Nf6 3. Nbd2 g6 4. g3 Bg7 5. Bg2 O-O 6. O-O Nc6 7. Re1 Bg4 8. h3 Be6 9. Nf1 Qd7 10. Kh2 a5
11. a3 d4 12. Bf4 Nh5 13. Bd2 f5 14. e4 fxe4 15. dxe4 d3 16. c3 a4 17. Be3 Ra5 18. Ng5 Bb3 19. Qd2 Qd6 20. Kg1 e5
21. Nh2 Bf6 22. Ng4 Be7 23. Bf1 Bc4 24. Rad1 Bxg5 25. Bxg5 Rf3 26. Bg2 Rf8 27. Re3 Ne7 28. Bf1 Raa8 29. Bxd3 Bb3 30. Bc4+ Bxc4
31. Qxd6 cxd6 32. Bxe7 Rfc8 33. Bxd6 b5 34. Bxe5 Ra7 35. Rf3 Ng7 36. Rf6 Be2 37. Nh6+ Kh8 38. Rf7 Rxf7 39. Nxf7+ Kg8 40. Rd7 Ne6
41. Nh6+ Kf8 42. Bd6+
1-0

[Event "Blitz for All"]
[Site "SchemingMind.com"]
[Date "2007.11.22"]
[Round "-"]
[White "punmanbowler"]
[Black "kloosterveen"]
[Result "0-1"]
[WhiteCountry "USA"]
[BlackCountry "NED"]
[WhiteElo "1382"]
[WhiteRD "74"]
[BlackElo "1539"]
[BlackRD "102"]
[GameID "130085"]

1. Nf3 d5 2. d4 Nf6 3. Bg5 e6 4. Nc3 g6 5. e3 Bg7 6. Bd3 O-O 7. O-O Nc6 8. a3 Qe7 9. Bb5 Bd7 10. Bd3 a5
11. Nb5 Rfc8 12. c3 e5 13. b4 e4 14. Bxf6 Qxf6 15. Be2 exf3 16. Bxf3 Ne7 17. Bg4 Bxb5 18. Re1 Re8 19. a4 Bc4 20. Bf3 axb4
21. cxb4 Qd6 22. b5 Qb4 23. h3 Bb3 24. Qb1 Rxa4 25. Be2 Nf5 26. Rc1 Rxa1 27. Qxa1 Nxd4 28. exd4 Rxe2 29. Qa8+ Bf8 30. Qxb7 Re1+
31. Rxe1 Qxe1+ 32. Kh2 Bd6+ 33. g3 Qxf2+ 34. Kh1 Bxg3 35. Qc8+ Kg7 36. Qg4 Qh2#
0-1

[Event "Blitz for All"]
[Site "SchemingMind.com"]
[Date "2007.11.21"]
[Round "-"]
[White "mq1982"]
[Black "kloosterveen"]
[Result "1-0"]
[WhiteCountry "GBR"]
[BlackCountry "NED"]
[WhiteElo "2031"]
[WhiteRD "112"]
[BlackElo "1390"]
[BlackRD "124"]
[GameID "130086"]

1. e4 c5 2. Nf3 d6 3. d4 cxd4 4. Nxd4 a6 5. Nc3 g6 6. Bc4 Bg7 7. O-O Nf6 8. f4 O-O 9. Qd3 Nbd7 10. Qf3 Qc7
11. Bd3 Qb6 12. Be3 Qxb2 13. Nde2 Qa3 14. f5 Ne5 15. Qg3 Nh5 16. Qe1 Nxd3 17. cxd3 Bd7 18. Rb1 b5 19. Bb6 b4 20. Rb3 Bxc3
21. Nxc3 Qxb3 22. axb3 bxc3 23. Qxc3 gxf5 24. exf5 Rfc8 25. Qd2 Nf6 26. Bd4 Ne8 27. Qg5+ Kf8 28. Qh6+ Kg8 29. Rf3 Nf6 30. Rg3+ Kh8
31. Qg7#
1-0

[Event "Blitz for All"]
[Site "SchemingMind.com"]
[Date "2007.11.21"]
[Round "-"]
[White "Blitzer"]
[Black "kloosterveen"]
[Result "1-0"]
[WhiteCountry "CAN"]
[BlackCountry "NED"]
[WhiteElo "2068"]
[WhiteRD "102"]
[BlackElo "1390"]
[BlackRD "124"]
[GameID "130087"]

1. d4 d5 2. Nf3 e6 3. c4 Nf6 4. Nc3 g6 5. Bg5 Bg7 6. e4 dxe4 7. Nxe4 O-O 8. Ne5 h6 9. Nxf6+ Bxf6 10. Bxh6 Bg7
11. Bxg7 Kxg7 12. Qg4 Nd7 13. O-O-O Nxe5 14. dxe5 Qe7 15. h4 Bd7 16. h5 f5 17. Qxg6+ Kh8 18. Qh6+ Kg8 19. Rh3 Rf7 20. Rg3+ Rg7
21. Qxg7+
1-0

[Event "Blitz for All"]
[Site "SchemingMind.com"]
[Date "2007.11.21"]
[Round "-"]
[White "mmccaffe"]
[Black "kloosterveen"]
[Result "1-0"]
[WhiteCountry "USA"]
[BlackCountry "NED"]
[WhiteElo "1494"]
[WhiteRD "66"]
[BlackElo "1390"]
[BlackRD "124"]
[GameID "130088"]

1. e4 c5 2. Nf3 d6 3. d4 cxd4 4. Nxd4 Nf6 5. Nc3 g6 6. Be3 Bg7 7. f3 O-O 8. Bc4 Qb6 9. Bb3 e5 10. Nf5 Qa6
11. Nxg7 Kxg7 12. Qd2 Rd8 13. O-O-O Ne8 14. Bh6+ Kg8 15. Qg5 Nc6 16. Nd5 Be6 17. Nf6+ Kh8 18. Nxe8
1-0

[Event "Blitz for All"]
[Site "SchemingMind.com"]
[Date "2007.11.22"]
[Round "-"]
[White "Vovaspilberg"]
[Black "kloosterveen"]
[Result "0-1"]
[WhiteCountry "RUS"]
[BlackCountry "NED"]
[WhiteElo "1788"]
[WhiteRD "81"]
[BlackElo "1539"]
[BlackRD "102"]
[GameID "130089"]

1. e4 c5 2. Nf3 d6 3. d4 cxd4 4. Nxd4 a6 5. c4 g6 6. Nc3 Bg7 7. Be3 Nf6 8. Be2 O-O 9. O-O Nbd7 10. f3 Qb6
11. Nf5 Qd8 12. Nxg7 Kxg7 13. Qd2 Rg8 14. Nd5 Nc5 15. Nxf6 Kxf6 16. Rfd1 Qc7 17. Qd4+ e5 18. Qxd6+ Ne6 19. Qxc7 Nxc7 20. Bb6 Ne6
21. Rd6 Ke7 22. Rad1 Nf4 23. Bf1 Be6 24. b3 f6 25. c5 g5 26. g3 Nh3+ 27. Kg2 g4 28. c6 bxc6 29. Rxe6+ Kxe6 30. Bc4+ Ke7
0-1